00345nam a2200133Ia 4500003000400000005001700004008004100021040000700062041000800069082001900077100001600096245005800112260004100170OSt20230517113336.0210423s1968 xx 000 0 und d cAL aeng a370 223bNAIE aNAIK (J P). aEducation in the fourth plan: review and perspective. aBombaybNachiketa Publicationsc1968